000 00414nam a2200145Ia 4500
008 090711s9999 xx 000 0 und d
082 _b20011
100 _aजोशी रामउाgऎष्ण
245 _aनकळत
600 _aजोशी रामउाgऎष्ण
630 _aनकळत
700 _aजोशी रामउाgऎष्ण
730 _aनकळत
942 _cBOOK
999 _c297144
_d297144